مكتبة جامعة عجلون الوطنية

فهرس بحث المكتبة

تكيف مناهج التربية الرياضية والبدنية في إطار التحولات الرقمية والرقمنة العصرية (Record no. 34077)

MARC details
000 -LEADER
fixed length control field 01096nam a22002177a 4500
003 - CONTROL NUMBER IDENTIFIER
control field JO-AjAnu
005 - DATE AND TIME OF LATEST TRANSACTION
control field 20251022084213.0
008 - FIXED-LENGTH DATA ELEMENTS--GENERAL INFORMATION
fixed length control field 251013b jo ||||| |||| 00| 0 ara d
020 ## - INTERNATIONAL STANDARD BOOK NUMBER
International Standard Book Number 978-9923-46-102-0
022 ## - INTERNATIONAL STANDARD SERIAL NUMBER
International Standard Serial Number 728/2/2024
040 ## - CATALOGING SOURCE
Original cataloging agency ANU
Transcribing agency JO-AjAnu
041 ## - LANGUAGE CODE
Language code of original ARA
100 ## - MAIN ENTRY--PERSONAL NAME
Personal name الخيكاني، حامد عبد الشهيد
Relator term مؤلف
9 (RLIN) 66813
245 ## - TITLE STATEMENT
Title تكيف مناهج التربية الرياضية والبدنية في إطار التحولات الرقمية والرقمنة العصرية
Statement of responsibility, etc. / اعداد حامد عبد الشهيد الخيكاني، عباس فاضل علوان، عباس محمد خضير
260 ## - PUBLICATION, DISTRIBUTION, ETC.
Place of publication, distribution, etc. عمان :
Name of publisher, distributor, etc. دار الوفاق للنشر والتوزيع،
Date of publication, distribution, etc. 2025
300 ## - PHYSICAL DESCRIPTION
Extent 219 صفحة
650 ## - SUBJECT ADDED ENTRY--TOPICAL TERM
Form subdivision اساليب التدريس-التربية الرياضية-استراتيجيات التعلم-التعلم الإلكتروني-تكنولوجيا التعليم
700 ## - ADDED ENTRY--PERSONAL NAME
Personal name علوان، عباس فاضل
Relator term م. مشارك
9 (RLIN) 66814
700 ## - ADDED ENTRY--PERSONAL NAME
Personal name خضير، عباس محمد
Relator term م. مشارك
9 (RLIN) 66815
942 ## - ADDED ENTRY ELEMENTS (KOHA)
Source of classification or shelving scheme Library of Congress Classification
Koha item type Books
Suppress in OPAC No
Holdings
Withdrawn status Lost status Source of classification or shelving scheme Damaged status Not for loan Home library Current library Date acquired Total Checkouts Full call number Barcode Date last seen Price effective from Koha item type
    Library of Congress Classification     مكتبة جامعة عجلون الوطنية مكتبة جامعة عجلون الوطنية 13/10/2025   GV363.2025 A30449 13/10/2025 13/10/2025 Books